Statistics for UK History Picture Quiz - J

Click here to take the quiz!

General Stats

  • This quiz has been taken 231 times
  • The average score is 10 of 15

Answer Stats

Answer% Correct
Jack the Ripper
98%
John Lennon
96%
Jamaica
95%
Juliet
95%
Jews
94%
King {James}
83%
Jane Seymour
80%
Edward {Jenner}
77%
{Jurassic} Coast
66%
Jerry
65%
Jabberwocky
63%
Samuel {Johnson}
63%
{Jarrow} March
42%
Jensen
20%
Jarlshof
6%

Score Distribution

Percentile by Number Answered

Percent of People with Each Score

Your Score History

You have not taken this quiz